Nepal ekonomika i vnešnaja torgovl'a
Uložené v:
| Médium: | Kniha |
|---|---|
| Jazyk: | Russian |
| Vydavateľské údaje: |
Moskva
Vneštorgizdat
1959
|
| Tagy: |
Žiadne tagy, Buďte prvý, kto otaguje tento záznam!
|
MARC
| LEADER | 00000nam a2200000 4500 | ||
|---|---|---|---|
| 001 | c123241 | ||
| 005 | 20251029113256.0 | ||
| 041 | 0 | |a rus | |
| 044 | |a RU | ||
| 245 | 1 | 0 | |a Nepal |b ekonomika i vnešnaja torgovl'a |c B.V. Kudriavcev |
| 264 | 1 | |a Moskva |b Vneštorgizdat |c 1959 | |
| 300 | |a 117 s. | ||